000 00752nam a2200241Ia 4500
003 OSt
005 20220930071316.0
006 a|||||r|||| 00| 0
007 ta
008 220926b |||||||| |||| 00| 0 eng d
024 _a8264
037 _cTheses
040 _aCRL
_cCRL
_beng
041 _2eng
_aeng
100 _aThapliyal Uma Prasad
110 _aUniversity of Delhi. Faculty of Social Sciences. Department of History
245 0 _aForeign elements in Indian social traditions and institutions (2nd century A.D. to 7th Century A.D.)
260 _c1973
650 _aHISTORY
700 _aUniversity of Delhi. Faculty of Social Sciences. Department of History
942 _cDIS
_2CC
999 _c862147
_d862147